| 000 -LEADER |
| fixed length control field |
00510nam a22001457a 4500 |
| 020 ## - INTERNATIONAL STANDARD BOOK NUMBER |
| International Standard Book Number |
9780674247987 |
| 082 ## - DEWEY DECIMAL CLASSIFICATION NUMBER |
| Classification number |
Cox54 K528 |
| 100 ## - MAIN ENTRY--PERSONAL NAME |
| Personal name |
Khosla, Madhav |
| 9 (RLIN) |
15393 |
| 245 ## - TITLE STATEMENT |
| Title |
India's founding moment: |
| Remainder of title |
the constitution of a most surprising democracy |
| Statement of responsibility, etc |
by Madhav Khosla |
| 260 ## - PUBLICATION, DISTRIBUTION, ETC. (IMPRINT) |
| Place of publication, distribution, etc |
London |
| Name of publisher, distributor, etc |
Harvard Univ. Press |
| Date of publication, distribution, etc |
2020 |
| 300 ## - PHYSICAL DESCRIPTION |
| Extent |
219p. |
| 650 ## - SUBJECT ADDED ENTRY--TOPICAL TERM |
| Topical term or geographic name as entry element |
Constitutional history -- India. |
| 9 (RLIN) |
15753 |
| 650 ## - SUBJECT ADDED ENTRY--TOPICAL TERM |
| Topical term or geographic name as entry element |
India. -- Constitution. |
| 9 (RLIN) |
15754 |
| 650 ## - SUBJECT ADDED ENTRY--TOPICAL TERM |
| Topical term or geographic name as entry element |
Ambedkar, B. R. -- (Bhimrao Ramji), -- 1891-1956. |
| 9 (RLIN) |
15755 |